00615 2200229 4500001002100000005001700021008004100038020001800079035002500097082001200122090002100134110003100155245002300186250001100209260003800220300002200258650003900280850001200319990001800331990001800349990001800367YOGYA-0209000004094320150324135955.0 ind  a979-2458-25-5 a0010-020900000040943 a070.026 aR 070.026bInd U aINDONESIA. [Undang-undang] aUndang-undang pers aCet. 1 aYogyakartabPustaka Pelajarc2006 ax, 542 hlmc20 cm aPers - Undang-undang dan peraturan aYOPDYOG a32353-PD/A.07 a32354-PD/A.07 a32355-PD/A.07